000
00277nam a2200097Ia 4500
008
220204s9999 xx 000 0 und d
082
_a
058(540)
_b
TIM
245
0
_a
Times of India directory of Bombay city and province. 1943
260
_a
Bombay
_b
Times of India
_c
1943
942
_c
BK
999
_c
19842
_d
19842